000 00568nam a2200205Ia 4500
003 OSt
005 20230502152012.0
008 210423s2012 xx 000 0 und d
020 _a9788132109051
040 _cAL
041 _aeng
082 _a302.2
_223
_bMANL
100 _aMANYOZO (Linje).
_996275
245 _aMedia communication and development: three approches.
260 _aNew Delhi
_bSage Publications
_c2012
300 _axx,258
_bPB
365 _b350
_cINR
906 _aapproches. ; communication ; development: ; Media ; three
942 _2ddc
_cBK
999 _c161486
_d161486